FC Andorra Squad 2025-2026 - Statistics

General Stats
  • This quiz has been taken 14 times
    5 since last reset
  • The average score is 18 of 31
Answer Stats
# Position Nation Player % Correct
12 DF Hungary Antal Yaakobishvili
100%
25 GK Hungary Áron Yaakobishvili
100%
- Coach Spain Ibai Gómez
100%
16 FW Portugal Jastin Garcia
100%
13 GK Equatorial Guinea Jesús Owono
100%
11 FW Uruguay Lautaro de León
100%
29 FW South Korea Min-su Kim
100%
24 MF France Théo Le Normand
100%
3 FW Spain Yeray Cabanzón
100%
6 MF Spain Dani Villahermosa
67%
8 MF Turkey Efe Akman
67%
4 DF Spain Gael Alonso
67%
21 FW Spain Josep Cerdà
67%
9 FW Spain Manu Nieto
67%
18 MF Spain Marc Doménech
67%
20 DF Spain Martí Vilà
67%
1 GK Argentina Nico Ratti
67%
17 DF France Thomas Carrique
67%
15 FW Spain Aingeru Olabarrieta
33%
7 FW Spain Álex Calvo
33%
2 DF Spain Álex Petxarroman
33%
10 FW Spain Álvaro Martín
33%
- Coach Spain Carles Manso
33%
23 DF Spain Diego Alende
33%
12 DF Spain Edgar González
33%
19 DF Spain Imanol García de Albéniz
33%
22 FW Spain Marc Cardona
33%
3 FW Spain Martín Merquelanz
33%
22 FW Spain Aitor Uzkudun
0%
5 DF Spain Marc Bombardó
0%
14 MF Spain Sergio Molina
0%
No matching quizzes found
Score Distribution
Percent of People with Each Score
Percentile by Number Answered
Your Score History
You have not taken this quiz since the last reset